000 00874nam a22002417a 4500
005 20240524071710.0
008 240215t ||||| |||| 00| 0 spa d
020 _a8476001304
040 _aCO-BoUCM
_cDavid Moreno
_dDavid Moreno
041 _aspa
100 1 _aApple, Michael W.
_d1942-
_9179900
245 _aIdeología y curriculo
_cMichael W. Apple ; traducción de Rafael Lassaletta.
250 _a2a edicion
260 _aMadrid
_bAka
_c2008
300 _a224 Paginas
490 _aAkal universitaria. Educación ; 101
650 1 7 _aSociología de la educación
_xCambio social
_9179901
650 1 7 _aSistemas de enseñanza
_xCambios curriculares
_9179902
650 1 7 _aCurrículo
_xPlanes de estudio
_9179903
700 1 _aLassaletta, Rafael
_etraductor
_9159244
942 _2DEWEY
_a5
_cLIBRO
_e2
_h375
_mA66i
_n0
999 _c323871
_d323871